Trochu o televízii

Bibliographic Details
Main Author: Lehuta, Emil, 1931-2006 (Author)
Format: Article
Language:Slovak
Subjects:

MARC

LEADER 00000nab a2200000uu 4500
001 vtls011524526
003 SK-MaSNL
005 20260304022642.0
008 230704|1969 xo |||||||||||||||||slo|
015 |a SNBRB 
035 |a (urnnbn)urn:nbn:sk:snk:ar-00292r 
035 |a (uuid)a50a59ab-9ffc-4128-aed5-ac0ee7676ee0 
035 |a urn:nbn:sk:snk-abec1o 
040 |a SNKBUCL  |b slo  |c SNKBUCL  |e AACR2 
041 0 |a slo 
044 |a xo  |c SK 
100 1 |a Lehuta, Emil,  |d 1931-2006  |4 aut  |9 110640 
245 1 0 |a Trochu o televízii  |c Emil Lehuta 
650 0 7 |a televízne relácie  |2 SNKPH  |9 102040 
655 7 |a glosy  |2 SNK  |9 28645 
773 0 |t Slovenské pohľady  |g Roč. 85, č. 10 (1969), s. 156-157 
850 |a Slovenská národná knižnica 
852 |a Slovenská národná knižnica 
954 |a odborná, vedecká literatúra pôvodná (slovenská)  |2 lita 
958 |a OND 
958 |a EUIPO 
958 |a article21 
999 |c 2612433  |d 2614363